[Event "Challenge"]
[Site "http://www.queenalice.com/game.php?id=1284529"]
[Date "2014.5.28"]
[Round "-"]
[White "WeirdGoblin"]
[Black "Antoniel_Barbosa"]
[Result "0-1"]
[WhiteElo "2333"]
[BlackElo "2339"]

1. d4 d5 2. Nf3 e6 3. g3 Nf6 4. c4 dxc4 5. Bg2 Nc6 6. O-O Rb8 7. Bg5 h6 8. Bxf6
Qxf6 9. Nc3 Bd7 10. e4 b5 11. d5 Ne5 12. Nxe5 Qxe5 13. f4 Bc5+ 14. Kh1 Qd4 15.
Qe2 O-O 16. Rad1 Qf6 17. dxe6 Bxe6 18. f5 Bc8 19. e5 Qb6 0-1

[Event "Challenge"]
[Site "http://www.queenalice.com/game.php?id=1284530"]
[Date "2014.5.28"]
[Round "-"]
[White "Antoniel_Barbosa"]
[Black "WeirdGoblin"]
[Result "1-0"]
[WhiteElo "2351"]
[BlackElo "2321"]

1. e4 e6 2. Nf3 d5 3. Nc3 Nf6 4. exd5 Nxd5 5. d4 Nxc3 6. bxc3 c5 7. Bb5+ Bd7 8.
Rb1 Nc6 9. O-O Be7 10. Re1 O-O 11. Bd3 b6 12. Bf4 Bc8 13. Qd2 g6 14. Bh6 Re8 15.
Bb5 Bd7 16. d5 exd5 17. Qxd5 1-0

[Event "AUTO-MASTER-2000"]
[Site "http://www.queenalice.com/game.php?id=1292916"]
[Date "2014.7.6"]
[Round "2"]
[White "Antoniel_Barbosa"]
[Black "JORGESILVA19D"]
[Result "1-0"]
[WhiteElo "2331"]
[BlackElo "2184"]

1. e4 c6 2. Nc3 d5 3. Nf3 dxe4 4. Nxe4 Bg4 5. Bc4 e6 6. h3 Bh5 7. Ng3 Bg6 8. O-O
Nf6 9. d4 Nbd7 10. Nh4 Bd6 11. Nxg6 hxg6 12. c3 Qc7 13. Qf3 O-O-O 14. Bg5 Rde8
15. Rae1 Qa5 16. Be3 1-0

[Event "AUTO-MASTER-2000"]
[Site "http://www.queenalice.com/game.php?id=1292917"]
[Date "2014.7.6"]
[Round "2"]
[White "JORGESILVA19D"]
[Black "Antoniel_Barbosa"]
[Result "0-1"]
[WhiteElo "2192"]
[BlackElo "2323"]

1. e4 e5 2. d4 exd4 3. c3 dxc3 4. Nxc3 Nc6 5. Nf3 Bb4 6. Bc4 Nf6 7. O-O O-O 8.
e5 Ng4 9. Re1 Qe7 10. Re4 Bxc3 11. bxc3 d6 12. Bg5 Nf6 13. exf6 Qxe4 14. fxg7
Kxg7 15. Qd2 Qxc4 16. Bh6+ Kh8 0-1

[Event "AUTO-OPEN-3145"]
[Site "http://www.queenalice.com/game.php?id=1293129"]
[Date "2014.7.7"]
[Round "3"]
[White "Antoniel_Barbosa"]
[Black "Canaye"]
[Result "1-0"]
[WhiteElo "2321"]
[BlackElo "1801"]

1. e4 e6 2. d3 d5 3. Nd2 c5 4. Ngf3 d4 5. Nc4 Nc6 6. Bf4 Nf6 7. c3 Be7 8. Be2
O-O 9. O-O Nh5 10. Bd2 b5 11. Nce5 Nxe5 12. Nxe5 Nf6 13. cxd4 cxd4 14. Nc6 Qc7
15. Rc1 Qb7 16. Bf4 Re8 17. Be5 Nd7 18. Nxe7+ Rxe7 19. Bd6 Re8 20. e5 Qb6 21.
Bf3 Bb7 22. Bxb7 Qxb7 23. Rc7 Qa6 24. Rxd7 Qxa2 25. Qf3 Rf8 26. Rxf7 Rxf7 27.
Qxa8+ 1-0

[Event "AUTO-OPEN-3145"]
[Site "http://www.queenalice.com/game.php?id=1293130"]
[Date "2014.7.7"]
[Round "3"]
[White "Canaye"]
[Black "Antoniel_Barbosa"]
[Result "0-1"]
[WhiteElo "1890"]
[BlackElo "2362"]

1. d4 e6 2. c4 f5 3. Nc3 Nf6 4. Bg5 Be7 5. e3 h6 6. Bxf6 Bxf6 7. Bd3 O-O 8. Nge2
d5 9. cxd5 exd5 10. O-O c6 11. Ng3 g6 12. Re1 Qd6 13. Qb3 Nd7 14. Qc2 Rb8 15.
Qb3 Kh7 16. Qc2 Be7 17. Nce2 Nf6 18. Nf4 Ne4 19. Nfe2 Qc7 20. f3 Nxg3 21. Nxg3
Bd6 22. f4 Be6 23. Rac1 Rbe8 24. Nf1 Qa5 25. a3 Rf7 26. Qc3 Qxc3 27. Rxc3 Rfe7
28. Nd2 Bc8 29. Nf3 Rxe3 30. Rxe3 Rxe3 31. Ne5 Re1+ 32. Kf2 Ra1 33. g3 Rh1 34.
Kg2 Rd1 35. Kf2 Rd2+ 36. Ke1 Rxh2 37. b4 Ra2 38. b5 Rxa3 39. Rxa3 Bxa3 40. bxc6
Bb2 41. cxb7 Bxb7 42. Nf3 Kg7 43. Kd2 Kf6 44. Kc2 Ba3 45. Kb3 Bc1 46. Ng1 Bd2
47. Kc2 Be1 48. Ne2 g5 49. fxg5+ hxg5 50. Bb5 Bb4 51. Kd3 a6 52. Ba4 Ke6 53. Nc1
Bc8 54. Ke3 Bd7 55. Bb3 a5 56. Nd3 Bd6 57. Kf3 a4 58. Ba2 Bb5 59. Nf2 g4+ 60.
Nxg4 fxg4+ 61. Kxg4 Bc4 62. Bb1 a3 63. Bf5+ Kf6 64. Bb1 a2 65. Bxa2 Bxa2 66. Kh4
Kf5 67. g4+ Kf4 68. g5 Bb1 0-1

[Event "Betim_Xadrez-2"]
[Site "http://www.queenalice.com/game.php?id=1297746"]
[Date "2014.7.28"]
[Round "4"]
[White "Antoniel_Barbosa"]
[Black "Sigmund"]
[Result "1-0"]
[WhiteElo "2322"]
[BlackElo "1808"]

1. e4 e5 2. Nf3 d6 3. Nc3 Nf6 4. d4 exd4 5. Nxd4 c5 6. Nf3 Nc6 7. Bf4 a6 8. Qd2
h6 9. O-O-O Be7 10. Bxd6 Bg4 11. e5 Nd7 12. Nd5 Bxf3 13. gxf3 Nd4 14. Bxe7 Qc8
15. Bd6 Nxf3 16. Qf4 Ng5 17. Nc7+ Kd8 18. h4 Ne6 19. Qxf7 1-0

[Event "AUTO-OPEN-3313"]
[Site "http://www.queenalice.com/game.php?id=1302920"]
[Date "2014.8.20"]
[Round "1"]
[White "Antoniel_Barbosa"]
[Black "kirksadler"]
[Result "1-0"]
[WhiteElo "2365"]
[BlackElo "1744"]

1. e4 c5 2. d3 Nc6 3. f4 g6 4. c3 Bg7 5. Be3 d6 6. Nf3 Nf6 7. Be2 O-O 8. O-O Bd7
9. h3 b6 10. Nbd2 e5 11. fxe5 dxe5 12. Nc4 Be6 13. Nfxe5 Nxe5 14. Nxe5 Nxe4 15.
Nxf7 Nxc3 16. Nxd8 Nxd1 17. Rxf8+ Bxf8 18. Bg5 Rxd8 19. Bxd8 Nxb2 20. Bf6 Bg7
21. Bxg7 Kxg7 22. Rc1 Bf5 23. Rc3 1-0

[Event "AUTO-OPEN-3313"]
[Site "http://www.queenalice.com/game.php?id=1302921"]
[Date "2014.8.20"]
[Round "1"]
[White "kirksadler"]
[Black "Antoniel_Barbosa"]
[Result "0-1"]
[WhiteElo "1703"]
[BlackElo "2366"]

1. e4 e5 2. Nf3 Nc6 3. Bb5 Nf6 4. O-O Be7 5. Re1 d6 6. h3 Bd7 7. c3 O-O 8. d4
Nxd4 9. Nxd4 exd4 10. Bxd7 Qxd7 11. Qxd4 Qe6 12. Bg5 h6 13. Bh4 g5 14. Bg3 c5
15. Qd3 Rad8 16. Nd2 Rfe8 17. Rad1 Bf8 18. a3 d5 19. Qc2 dxe4 20. Nxe4 Nxe4 21.
Rxd8 Rxd8 22. Rxe4 Qd7 23. Re1 Qd2 24. Qb1 c4 25. a4 Qd3 26. Qxd3 cxd3 27. Rd1
f5 0-1

[Event "AUTO-OPEN-3313"]
[Site "http://www.queenalice.com/game.php?id=1302922"]
[Date "2014.8.20"]
[Round "1"]
[White "Antoniel_Barbosa"]
[Black "ismaelpereira"]
[Result "1-0"]
[WhiteElo "2364"]
[BlackElo "1549"]

1. e4 e5 2. Nf3 Nc6 3. Nc3 Bc5 4. Bb5 a6 5. Bxc6 dxc6 6. Nxe5 Bd4 7. Nf3 Bxc3 8.
bxc3 Nf6 9. O-O Nxe4 10. Qe2 Qe7 11. Re1 O-O 12. Qxe4 Qxe4 13. Rxe4 1-0

[Event "AUTO-OPEN-3313"]
[Site "http://www.queenalice.com/game.php?id=1302923"]
[Date "2014.8.20"]
[Round "1"]
[White "ismaelpereira"]
[Black "Antoniel_Barbosa"]
[Result "0-1"]
[WhiteElo "1551"]
[BlackElo "2363"]

1. e4 e5 2. Nf3 Nc6 3. Bc4 Bc5 4. d3 d6 5. Ng5 Nh6 6. Qh5 Bg4 7. Bxf7+ Kd7 8.
Be6+ Bxe6 9. Nxe6 Kxe6 10. Qh3+ Kf7 11. Qh5+ Kg8 12. Bxh6 gxh6 0-1

[Event "AUTO-OPEN-3224"]
[Site "http://www.queenalice.com/game.php?id=1307388"]
[Date "2014.9.10"]
[Round "2"]
[White "Antoniel_Barbosa"]
[Black "mmagari"]
[Result "0-1"]
[WhiteElo "2375"]
[BlackElo "2413"]

1. e4 a5 2. d4 h5 3. Nc3 c6 4. Nf3 d6 5. Be2 e6 6. O-O Nf6 7. Bg5 Be7 8. e5 dxe5
9. dxe5 Nd5 10. Ne4 O-O 11. c4 Bxg5 12. cxd5 Bh6 13. d6 Nd7 14. a4 h4 15. Qd4 b6
16. Rae1 Bb7 17. Qc3 c5 18. Bc4 Nb8 19. h3 Nc6 20. Nh2 Nd4 21. f4 Nf5 22. Bd3 c4
23. Bb1 b5 24. Ng4 Qb6+ 25. Kh2 Rfd8 26. axb5 Qxb5 27. Rc1 Rac8 28. Nxh6+ Nxh6
29. Ng5 Bd5 30. Nf3 Rb8 31. Rf2 Qc5 32. Re2 Bxf3 33. Qxf3 Rb4 34. Rd2 Rdb8 35.
Qe2 g6 36. Be4 Kg7 37. Qe1 Rh8 38. Qxh4 Qe3 39. Rcd1 Qxe4 40. d7 Qf5 41. d8=Q
Rxd8 42. Rxd8 c3 43. bxc3 Rxf4 44. Qf6+ Qxf6 45. exf6+ Kxf6 46. Ra1 Rc4 47. Ra3
Nf5 0-1

[Event "AUTO-OPEN-3224"]
[Site "http://www.queenalice.com/game.php?id=1307389"]
[Date "2014.9.10"]
[Round "2"]
[White "mmagari"]
[Black "Antoniel_Barbosa"]
[Result "1/2-1/2"]
[WhiteElo "2380"]
[BlackElo "2375"]

1. e4 e5 2. f4 d5 3. exd5 c6 4. Nc3 exf4 5. Nf3 Nf6 6. d4 cxd5 7. Bxf4 Bd6 8.
Bg5 O-O 9. Be2 Be6 10. O-O h6 11. Bxf6 Qxf6 12. Nb5 Qd8 13. Nxd6 Qxd6 14. c3 Nc6
15. Bb5 Bf5 16. Ne5 Ne7 17. Bd3 f6 18. Ng4 Be4 19. Bxe4 dxe4 20. Qb3+ Qd5 21.
Ne3 Qxb3 22. axb3 f5 23. g3 g6 24. d5 Rfd8 25. c4 h5 26. Ng2 a6 27. Nf4 Rac8 28.
Kf2 Kf7 29. Ke3 Rd6 30. Rac1 Kf6 31. h4 Ke5 32. Rfd1 a5 33. Ra1 b6 34. Ne6 Ng8
35. Nd4 Nh6 36. Nc6+ Kf6 37. Kf4 Ng4 38. Rf1 e3 39. Rfe1 1/2-1/2

[Event "Challenge"]
[Site "http://www.queenalice.com/game.php?id=1310067"]
[Date "2014.9.23"]
[Round "-"]
[White "Antoniel_Barbosa"]
[Black "morphy99"]
[Result "0-1"]
[WhiteElo "2366"]
[BlackElo "2255"]

1. e4 c5 2. d4 cxd4 3. Nf3 d6 4. Nxd4 Nf6 5. Nc3 a6 6. Bc4 e6 7. Qe2 b5 8. Bb3
Be7 9. O-O O-O 10. e5 dxe5 11. Qxe5 Bd6 12. Qg5 Nbd7 13. Bxe6 h6 14. Qg6 Ne5 15.
Qg3 fxe6 16. Kh1 b4 17. f4 bxc3 18. fxe5 Ne4 19. Rxf8+ Bxf8 20. Qe3 Bb7 21. bxc3
Bc5 22. Bb2 Qd5 23. Qe2 Qxe5 24. Kg1 Bd5 25. Re1 Qb8 26. Ba1 e5 27. Qh5 Ng5 28.
a4 exd4 29. cxd4 Bxg2 30. Kxg2 Qb7+ 31. Kg1 Nf3+ 32. Kf1 Nxe1 33. Kxe1 Qh1+ 34.
Kd2 Be7 35. Kd3 Bg5 36. Qe2 Qxa1 37. c3 Qb1+ 38. Kc4 Rc8+ 39. Kd5 Qb7+ 40. Ke5
Qe7+ 41. Kf5 Rf8+ 42. Kg6 Qf7# 0-1

[Event "Betim_Xadrez-2"]
[Site "http://www.queenalice.com/game.php?id=1311704"]
[Date "2014.9.30"]
[Round "5"]
[White "Betim_Xadrez"]
[Black "Antoniel_Barbosa"]
[Result "0-1"]
[WhiteElo "1919"]
[BlackElo "2371"]

1. e4 e5 2. Nf3 Nc6 3. Bb5 Nf6 4. Nc3 Bc5 5. O-O Nd4 6. Nxe5 O-O 7. d3 c6 8. Ba4
d6 9. Nf3 Bg4 10. Bg5 Nxf3+ 11. gxf3 Bh3 12. Re1 Qb6 13. Be3 Bxe3 14. fxe3 Qxb2
15. Qd2 Qa3 16. f4 a5 17. d4 b5 18. e5 dxe5 19. dxe5 Rad8 20. Nb1 Rxd2 21. Nxa3
Ne4 22. Bb3 Rg2+ 23. Kf1 Nd2# 0-1